[Event "Moscow-Open 2021_A"]
[Site "Moscow"]
[Date "2021.02.27"]
[Round "8.35"]
[White "Zhukov, Anton"]
[Black "Pestryakov, Nikita"]
[Result "1-0"]
[WhiteElo "2237"]
[BlackElo "1978"]
[PlyCount "77"]
[EventDate "2021.02.20"]

1. d4 d6 2. Nf3 g6 3. g3 Bg7 4. Bg2 Nd7 5. c4 e5 6. Nc3 Ne7 7. O-O O-O 8. e4 h6
9. Re1 c6 10. Be3 f5 11. dxe5 dxe5 12. exf5 gxf5 13. Qd2 Kh7 14. Rad1 Qc7 15.
Qc2 Ng6 16. h4 Nf6 17. Bc5 Re8 18. Bd6 Qf7 19. Nxe5 Nxe5 20. Rxe5 Qxc4 21. Rxe8
Nxe8 22. Bf4 Qf7 23. Rd8 Bf8 24. Bh3 Ng7 25. Qd2 Ne6 26. Rd3 Bg7 27. Bd6 b6 28.
Qe1 Bd7 29. Be5 Re8 30. Re3 Bxe5 31. Rxe5 Nd4 32. Bg2 c5 33. Nd5 Rxe5 34. Qxe5
h5 35. Nf4 Bc8 36. Bd5 Qg7 37. Qe8 Ba6 38. Qxh5+ Qh6 39. Bg8+ 1-0

[Event "Moscow-Open 2021_A"]
[Site "Moscow"]
[Date "2021.02.27"]
[Round "8.36"]
[White "Thing, Bibek"]
[Black "Kim, Andrey"]
[Result "0-1"]
[WhiteElo "2222"]
[BlackElo "1971"]
[PlyCount "112"]
[EventDate "2021.02.20"]

1. e4 c6 2. c4 d5 3. Nc3 dxe4 4. Nxe4 Nf6 5. Nxf6+ exf6 6. Nf3 Bd6 7. Be2 O-O
8. O-O Re8 9. d4 Be6 10. Be3 Nd7 11. Qb3 Qc7 12. Rac1 c5 13. Rfd1 cxd4 14. Bxd4
Bg4 15. Be3 Ne5 16. Bd4 Nxf3+ 17. Bxf3 Bxf3 18. Qxf3 Bxh2+ 19. Kh1 Be5 20. b3
Rad8 21. Be3 g6 22. g3 h5 23. Kg2 Kg7 24. Rh1 Rh8 25. b4 f5 26. b5 h4 27. gxh4
f4 28. Bxa7 b6 29. Rce1 Bd4 30. h5 Qxa7 31. Qxf4 Qa8+ 32. Kg1 Rxh5 33. Rxh5
gxh5 34. Qg5+ Kf8 35. Qxh5 Rd6 36. Re2 Rg6+ 37. Kf1 Qa4 38. Qh4 Qxc4 39. Qd8+
Kg7 40. Qh4 Re6 41. Qg5+ Kh7 42. Qh5+ Kg8 43. Qg5+ Bg7 44. Qh5 Rxe2 45. Qxe2
Qxe2+ 46. Kxe2 Bd4 47. f3 Kg7 48. Kd3 Bg1 49. Ke4 Kf6 50. Kf4 Ke6 51. Ke4 f5+
52. Kf4 Bc5 53. a4 Bd6+ 54. Kg5 Ke5 55. Kg6 Kf4 56. Kf6 Bb4 0-1

[Event "Moscow-Open 2021_A"]
[Site "Moscow"]
[Date "2021.02.27"]
[Round "8.37"]
[White "Bardyk, Artem"]
[Black "Voinikonis, Nikita"]
[Result "1-0"]
[WhiteElo "1742"]
[BlackElo "2208"]
[PlyCount "31"]
[EventDate "2021.02.20"]

1. e4 c5 2. c3 Nf6 3. e5 Nd5 4. d4 cxd4 5. Nf3 Nc6 6. cxd4 d6 7. Bc4 dxe5 8.
dxe5 e6 9. O-O Ndb4 10. a3 Qxd1 11. Rxd1 Nd5 12. Bb5 Bd7 13. Bg5 Be7 14. Bxe7
Kxe7 15. b4 a6 16. Bf1 1-0

[Event "Moscow-Open 2021_A"]
[Site "Moscow"]
[Date "2021.02.27"]
[Round "8.38"]
[White "Chuklin, Ivan"]
[Black "Bachaliashvili, Eduard"]
[Result "1-0"]
[WhiteElo "2181"]
[BlackElo "1949"]
[PlyCount "117"]
[EventDate "2021.02.20"]

1. e4 e6 2. d4 d5 3. Nd2 Nf6 4. e5 Nfd7 5. Bd3 c5 6. c3 Nc6 7. Ne2 cxd4 8. cxd4
f6 9. exf6 Nxf6 10. O-O Bd6 11. Nf3 O-O 12. Bf4 Bxf4 13. Nxf4 Ne4 14. Qc1 Bd7
15. Qe3 Ng5 16. Ne5 Nxe5 17. dxe5 Nf7 18. Ne2 Qc7 19. f4 Qb6 20. Qxb6 axb6 21.
Rfc1 Rfc8 22. Rxc8+ Rxc8 23. Rc1 Rxc1+ 24. Nxc1 Nd8 25. Kf2 Kf7 26. Ne2 Nc6 27.
a3 h6 28. Ke3 g5 29. g3 gxf4+ 30. gxf4 Na5 31. Nd4 Ba4 32. b4 Nc6 33. Nb5 Bxb5
34. Bxb5 Ne7 35. Bd7 Nf5+ 36. Kd3 Nh4 37. Bc8 Ng2 38. f5 exf5 39. Bxf5 Nh4 40.
Bg4 h5 41. Bxh5+ Ke6 42. Bg4+ Kxe5 43. Bc8 Nf3 44. h3 Ne1+ 45. Kc3 d4+ 46. Kd2
Nf3+ 47. Ke2 Kf4 48. Bxb7 Ne5 49. a4 Kg3 50. Bd5 Kxh3 51. a5 bxa5 52. bxa5 Kg3
53. a6 Nd7 54. a7 Nb6 55. Kd3 Kf4 56. Kxd4 Kf5 57. Kc5 Nd7+ 58. Kb5 Nb6 59.
Kxb6 1-0

[Event "Moscow-Open 2021_A"]
[Site "Moscow"]
[Date "2021.02.27"]
[Round "8.39"]
[White "Volodin, Viktor"]
[Black "Utemisov, Damir"]
[Result "1/2-1/2"]
[WhiteElo "2151"]
[BlackElo "1894"]
[PlyCount "85"]
[EventDate "2021.02.20"]

1. e4 e5 2. Nf3 Nc6 3. Bb5 a6 4. Ba4 Nf6 5. O-O b5 6. Bb3 Bc5 7. c3 d6 8. d4
Bb6 9. a4 Rb8 10. axb5 axb5 11. h3 O-O 12. Na3 Bb7 13. Bc2 exd4 14. Nxb5 dxc3
15. bxc3 h6 16. Re1 Re8 17. Be3 Bxe3 18. Rxe3 Ne5 19. Nxe5 Rxe5 20. Nd4 Nxe4
21. Qe1 Nf6 22. Rxe5 dxe5 23. Qxe5 Qd5 24. Qxd5 Bxd5 25. Ra5 c6 26. f3 g6 27.
Bd3 Rd8 28. Be2 Kg7 29. Rc5 Rd6 30. Ra5 Nd7 31. Ra7 h5 32. h4 Nc5 33. Kf2 Ne6
34. Nxe6+ Bxe6 35. Ra6 Kf6 36. Ke3 Bf5 37. Bc4 Be6 38. Bb5 Bd7 39. Ba4 Re6+ 40.
Kf4 Rd6 41. g4 Ke7 42. Bb3 Kf6 43. Ra5 1/2-1/2

[Event "Moscow-Open 2021_A"]
[Site "Moscow"]
[Date "2021.02.27"]
[Round "8.40"]
[White "Stepanyan, Eva"]
[Black "Akhmedov, David"]
[Result "1-0"]
[WhiteElo "2119"]
[BlackElo "1866"]
[PlyCount "129"]
[EventDate "2021.02.20"]

1. e4 c5 2. Nf3 Nc6 3. d4 cxd4 4. Nxd4 Nf6 5. Nc3 e5 6. Ndb5 d6 7. Bg5 a6 8.
Na3 b5 9. Bxf6 gxf6 10. Nd5 f5 11. Bd3 Be6 12. O-O Bg7 13. Qh5 f4 14. c4 b4 15.
Nc2 Rb8 16. b3 O-O 17. Rad1 a5 18. Rd2 h6 19. h3 Ne7 20. g3 Ng6 21. Kh2 Bxd5
22. cxd5 Qg5 23. Qd1 Rfc8 24. Ne1 Rc3 25. Rc2 Rbc8 26. Rxc3 Rxc3 27. Qe2 Qe7
28. Nf3 Qa7 29. Bc4 a4 30. bxa4 Qxa4 31. Bb3 Qa7 32. Nd2 Qd4 33. Rd1 fxg3+ 34.
fxg3 Qc5 35. Nc4 Bf8 36. Rf1 Qc8 37. Ne3 Rc1 38. Rxc1 Qxc1 39. Nc2 h5 40. h4
Bh6 41. Nxb4 Be3 42. Qd1 Qb2+ 43. Nc2 Bc5 44. Qa1 Qxa1 45. Nxa1 Ne7 46. Bc2 Kg7
47. Nb3 Ba3 48. Na5 Kf8 49. Kg2 f5 50. Kf3 Kf7 51. exf5 Kf6 52. Be4 Nxf5 53.
Nc4 Nd4+ 54. Ke3 Bb4 55. a4 Nf5+ 56. Bxf5 Kxf5 57. a5 Bc5+ 58. Kf3 e4+ 59. Ke2
e3 60. a6 Ke4 61. Nxd6+ Kxd5 62. Nf5 Kc6 63. Ng7 Kb6 64. Nxh5 Be7 65. Kxe3 1-0

[Event "Moscow-Open 2021_A"]
[Site "Moscow"]
[Date "2021.02.27"]
[Round "8.41"]
[White "Tarasenko, Iaroslav"]
[Black "Bratov, Ademir"]
[Result "1-0"]
[WhiteElo "2060"]
[BlackElo "1813"]
[PlyCount "65"]
[EventDate "2021.02.20"]

1. e4 e5 2. Nf3 Nc6 3. Bb5 Nge7 4. O-O g6 5. c3 Bg7 6. d4 exd4 7. cxd4 d5 8.
Bxc6+ bxc6 9. e5 O-O 10. Re1 f6 11. exf6 Bxf6 12. Bh6 Re8 13. Bg5 Bxg5 14. Nxg5
Qd6 15. Nd2 Qf6 16. Ngf3 Bg4 17. Qc2 Bxf3 18. Nxf3 Nf5 19. Qc3 Re4 20. Rxe4
dxe4 21. Ne5 Rd8 22. Nxc6 Rd6 23. Qb3+ Qf7 24. Qb8+ Kg7 25. Ne5 Qe7 26. Qxa7
Nxd4 27. Nc4 Nc2 28. Nxd6 Nxa1 29. Qd4+ Kg8 30. Nxe4 c5 31. Qc4+ Qf7 32. Qxf7+
Kxf7 33. Nxc5 1-0

[Event "Moscow-Open 2021_A"]
[Site "Moscow"]
[Date "2021.02.27"]
[Round "8.42"]
[White "Gukhman, Sergey"]
[Black "Zhuk, Kirill"]
[Result "1-0"]
[WhiteElo "1667"]
[BlackElo "2054"]
[PlyCount "83"]
[EventDate "2021.02.20"]

1. e4 c5 2. Nf3 Nc6 3. b4 cxb4 4. d4 d5 5. exd5 Qxd5 6. c4 Qf5 7. Be3 b3 8.
Qxb3 e5 9. d5 Nb4 10. Na3 Nf6 11. Rd1 Bd7 12. Be2 h6 13. O-O a5 14. Rfe1 Be7
15. Qb2 Ng4 16. Bb6 Qf6 17. d6 Bd8 18. Bc5 Kf8 19. Nb5 Kg8 20. h3 h5 21. Nc3 e4
22. Bd4 Qg6 23. Nxe4 Qxe4 24. a3 Qc2 25. axb4 Qxb2 26. Bxb2 Nf6 27. b5 Bb6 28.
Ne5 Rd8 29. Bf3 Bc8 30. Ba3 Nd7 31. Nxd7 Bxd7 32. Bxb7 Rb8 33. Ba6 Bd8 34. c5
Ra8 35. c6 Ra7 36. cxd7 Bf6 37. Bc8 Kh7 38. b6 Ra8 39. b7 Rb8 40. Re8 g5 41.
Rxh8+ Kxh8 42. Re1 1-0

[Event "Moscow-Open 2021_A"]
[Site "Moscow"]
[Date "2021.02.27"]
[Round "8.43"]
[White "Zhukov, Ivan"]
[Black "Zulpikarov, Ruslan"]
[Result "1/2-1/2"]
[WhiteElo "2050"]
[BlackElo "1647"]
[PlyCount "106"]
[EventDate "2021.02.20"]

1. e4 e5 2. Nf3 Nc6 3. Bc4 Bc5 4. c3 Nf6 5. d3 d6 6. Bb3 Bb6 7. Nbd2 Be6 8. Nc4
Qe7 9. Qe2 h6 10. h3 O-O-O 11. Bc2 Nh7 12. a4 Bxc4 13. dxc4 a5 14. Bd2 Nf8 15.
O-O-O Ne6 16. g3 Rdf8 17. h4 g6 18. h5 g5 19. Nh2 Ng7 20. Nf1 f5 21. Be3 Bxe3+
22. Nxe3 fxe4 23. Bxe4 Qf7 24. Rdf1 Ne7 25. Qd1 Ngf5 26. Qb3 b6 27. Nd5 Nxd5
28. Bxd5 Qf6 29. Qb5 Ne7 30. Be4 Qe6 31. Qa6+ Kd8 32. c5 bxc5 33. Qxa5 Qb3 34.
Qa6 Kd7 35. Bc2 Qd5 36. Rd1 Qc6 37. Qe2 Rf6 38. Qxe5 Rhf8 39. Rhe1 Nc8 40. f4
gxf4 41. gxf4 Qf3 42. Kb1 Qxf4 43. Qxc5 Nb6 44. Qb5+ Kd8 45. a5 Qc4 46. Qe5 Nd7
47. Qd5 Qxd5 48. Rxd5 c6 49. Rd2 Kc7 50. Rg1 Ne5 51. Rg7+ R6f7 52. Rdg2 Kb7 53.
Rxf7+ Rxf7 1/2-1/2

[Event "Moscow-Open 2021_A"]
[Site "Moscow"]
[Date "2021.02.27"]
[Round "8.44"]
[White "Lupolov, Boris"]
[Black "Korelskiy, Egor"]
[Result "1-0"]
[WhiteElo "2045"]
[BlackElo "1371"]
[PlyCount "61"]
[EventDate "2021.02.20"]

1. d4 d5 2. c4 e6 3. Nf3 c6 4. Nbd2 Nf6 5. e3 Nbd7 6. Bd3 Bd6 7. O-O O-O 8. e4
e5 9. cxd5 cxd5 10. exd5 exd4 11. Ne4 Nxe4 12. Bxe4 Nf6 13. Bg5 Be7 14. Bc2 h6
15. Bh4 Nxd5 16. Qd3 g6 17. Qxd4 Be6 18. Rfe1 Qc8 19. Rac1 Bc5 20. Qd2 Kh7 21.
a3 a5 22. Ne5 Re8 23. Be4 Ne7 24. b4 axb4 25. axb4 Ra2 26. Qd3 Qb8 27. Rxc5 b6
28. Rcc1 Nf5 29. Bg3 Rd8 30. Nd7 Nd6 31. Nxb8 1-0

[Event "Moscow-Open 2021_A"]
[Site "Moscow"]
[Date "2021.02.27"]
[Round "8.45"]
[White "Indzhiev, Aldar"]
[Black "Agkatsev, Albert A"]
[Result "1-0"]
[WhiteElo "2109"]
[BlackElo "1550"]
[PlyCount "59"]
[EventDate "2021.02.20"]

1. d4 d5 2. c4 c6 3. cxd5 cxd5 4. Bf4 Nc6 5. e3 Nf6 6. Nc3 e6 7. Bd3 Bd6 8.
Bxd6 Qxd6 9. f4 a6 10. Rc1 Bd7 11. Nf3 Ng4 12. Qe2 Nh6 13. O-O f6 14. h3 O-O
15. g4 Nf7 16. Qc2 f5 17. a3 g6 18. Na4 Rab8 19. Nc5 Nfd8 20. gxf5 gxf5 21. Kh2
Kh8 22. Qf2 Nf7 23. Qh4 Ne7 24. Qf6+ Kg8 25. Rg1+ Ng5 26. Rxg5+ Ng6 27. Rxg6+
hxg6 28. Qxg6+ Kh8 29. Qh6+ Kg8 30. Rg1+ 1-0

[Event "Moscow-Open 2021_A"]
[Site "Moscow"]
[Date "2021.02.27"]
[Round "8.46"]
[White "Khripachenko, Alexander"]
[Black "Sharikov, Alexander"]
[Result "0-1"]
[WhiteElo "1825"]
[BlackElo "2170"]
[PlyCount "76"]
[EventDate "2021.02.20"]

1. e4 e6 2. d4 d5 3. Nd2 Be7 4. Bd3 c5 5. dxc5 Nf6 6. Qe2 a5 7. Ngf3 O-O 8. O-O
Na6 9. e5 Nd7 10. c4 Nb4 11. Bb1 Nxc5 12. Rd1 Qc7 13. a3 Nc6 14. Ba2 Rd8 15.
Nb3 Ne4 16. Bf4 g5 17. Bg3 h5 18. cxd5 Nxg3 19. hxg3 exd5 20. Nbd4 g4 21. Nxc6
bxc6 22. Nd4 Bg5 23. Qc2 c5 24. Bb1 Kf8 25. Nb5 Qe7 26. Re1 Ra6 27. Ba2 Rh6 28.
Nd6 c4 29. Rad1 Qe6 30. b3 h4 31. gxh4 Rxh4 32. g3 Rh3 33. Kg2 Bd7 34. bxc4 d4
35. Qe4 Kg7 36. Qd5 Qg6 37. Rh1 Ba4 38. Qxd4 Bc6+ 0-1

[Event "Moscow-Open 2021_A"]
[Site "Moscow"]
[Date "2021.02.27"]
[Round "8.47"]
[White "Shturman, Arseniy"]
[Black "Yakimenko, Alexander A"]
[Result "0-1"]
[WhiteElo "1782"]
[BlackElo "2122"]
[PlyCount "130"]
[EventDate "2021.02.20"]

1. e4 e5 2. Nf3 d6 3. Bc4 Be6 4. Bxe6 fxe6 5. d4 exd4 6. Nxd4 Qd7 7. Qg4 e5 8.
Qxd7+ Kxd7 9. Ne2 Nc6 10. Be3 g6 11. Nbc3 Bh6 12. Bxh6 Nxh6 13. f3 Raf8 14. Kd2
g5 15. h3 Ne7 16. Ke3 c6 17. Raf1 Ng6 18. g3 Ng8 19. f4 gxf4+ 20. gxf4 Nf6 21.
fxe5 Nxe5 22. b3 Rhg8 23. Rhg1 Nh5 24. Rxf8 Rxf8 25. Nd4 Rf4 26. Rg7+ Nxg7 27.
Kxf4 b5 28. Nce2 a6 29. Kg5 c5 30. Kh6 Ne8 31. Nf5 Nf7+ 32. Kxh7 Ng5+ 33. Kg6
Nxh3 34. Ne3 Ke6 35. Ng4 b4 36. Kh5 Nf6+ 37. Nxf6 Kxf6 38. Kg4 Nf2+ 39. Kf3 Nd1
40. Nc1 Ke5 41. Ke2 Nc3+ 42. Ke3 Nxe4 43. Nd3+ Kf5 44. Nb2 d5 45. Nd3 Ke6 46.
Nc1 Kd6 47. Kd3 Ke5 48. Ke3 Kd6 49. Kd3 Kc6 50. Ne2 a5 51. Ke3 Nc3 52. Nc1 Kb5
53. Kd3 Ne4 54. Ne2 a4 55. Ke3 a3 56. Kf4 Nc3 57. Nc1 Kc6 58. Ke5 c4 59. Ke6
Kc5 60. Kd7 Nb5 61. Ne2 Nd4 62. Nxd4 Kxd4 63. Kc6 cxb3 64. cxb3 Ke4 65. Kc5 d4
0-1

[Event "Moscow-Open 2021_A"]
[Site "Moscow"]
[Date "2021.02.27"]
[Round "8.48"]
[White "Efimov, Leonid"]
[Black "Gorovenko, Darya"]
[Result "0-1"]
[WhiteElo "1764"]
[BlackElo "2106"]
[PlyCount "68"]
[EventDate "2021.02.20"]

1. d4 Nf6 2. c4 g6 3. Nc3 Bg7 4. e4 d6 5. Be2 O-O 6. Be3 c5 7. dxc5 dxc5 8.
Qxd8 Rxd8 9. Bxc5 Nc6 10. Nf3 b6 11. Be3 Ng4 12. Bf4 Ba6 13. O-O Bxc3 14. bxc3
Nf6 15. Nd2 e5 16. Bg5 Kg7 17. Rfd1 Rac8 18. Bxf6+ Kxf6 19. Nf1 Na5 20. Ne3
Rxd1+ 21. Rxd1 Bxc4 22. Bg4 Rc5 23. Rd2 Be6 24. Bxe6 Kxe6 25. Nd5 Nc4 26. Re2
Nd6 27. f3 f5 28. g4 fxe4 29. fxe4 Rc4 30. Rd2 Nxe4 31. Rd3 Rc5 32. c4 Rxc4 33.
Kg2 Rc5 34. Ne3 Rc3 0-1

[Event "Moscow-Open 2021_A"]
[Site "Moscow"]
[Date "2021.02.27"]
[Round "8.49"]
[White "Polukhin, Alexander"]
[Black "Teymurkhanly, Teymur"]
[Result "1-0"]
[WhiteElo "2105"]
[BlackElo "1799"]
[PlyCount "61"]
[EventDate "2021.02.20"]

1. e4 c5 2. f4 e6 3. Nf3 Nc6 4. Bb5 Nge7 5. O-O a6 6. Be2 g6 7. c3 d5 8. d3 Bg7
9. Na3 O-O 10. Qe1 b5 11. Nc2 Bb7 12. e5 d4 13. Qf2 dxc3 14. bxc3 Rc8 15. c4
Nf5 16. Rb1 b4 17. g4 Nh6 18. h3 Nb8 19. Be3 Qa5 20. a3 Qa4 21. Rfc1 b3 22. Na1
b2 23. Rxb2 Bxf3 24. Bxf3 Qxa3 25. Nb3 Nd7 26. Ra1 Qb4 27. Nxc5 Qxb2 28. Qxb2
Nxc5 29. Qa3 Nd7 30. c5 Rfd8 31. Bb7 1-0

[Event "Moscow-Open 2021_A"]
[Site "Moscow"]
[Date "2021.02.27"]
[Round "8.50"]
[White "Ryabov, Georgi"]
[Black "Sabirov, Timur"]
[Result "0-1"]
[WhiteElo "1751"]
[BlackElo "2048"]
[PlyCount "48"]
[EventDate "2021.02.20"]

1. c4 e5 2. Nc3 Nc6 3. g3 f5 4. Bg2 Nf6 5. d3 d6 6. e4 g6 7. Nge2 Bg7 8. O-O
O-O 9. f4 exf4 10. exf5 fxg3 11. Nxg3 gxf5 12. Nxf5 Bxf5 13. Rxf5 Qd7 14. Rg5
Kh8 15. Nd5 Nxd5 16. Bxd5 Qh3 17. Bg2 Qh4 18. Rg3 Rg8 19. Kh1 Bd4 20. Rh3 Qf2
21. Rxh7+ Kxh7 22. Qh5+ Kg7 23. Qh6+ Kf7 24. Bd5+ Ke8 0-1

[Event "Moscow-Open 2021_A"]
[Site "Moscow"]
[Date "2021.02.27"]
[Round "8.51"]
[White "Ivannikov, Maksim"]
[Black "Petrovsky, Nikita"]
[Result "0-1"]
[WhiteElo "1763"]
[BlackElo "2006"]
[PlyCount "108"]
[EventDate "2021.02.20"]

1. e4 c5 2. Nc3 Nc6 3. Bb5 Nd4 4. Nf3 a6 5. Bd3 Nc6 6. O-O g6 7. b3 Bg7 8. Bb2
d6 9. Re1 e6 10. a4 Nge7 11. Bf1 O-O 12. d3 b6 13. Qd2 Bb7 14. Rad1 Qd7 15. Ba1
d5 16. exd5 exd5 17. Ne2 d4 18. Ng3 Nd5 19. h4 Rfe8 20. h5 Ne5 21. Nxe5 Bxe5
22. hxg6 hxg6 23. Qg5 Bf4 24. Qh4 Kg7 25. Qh3 f5 26. Ne2 Rh8 27. Nxf4 Rxh3 28.
Nxh3 Qd6 29. Bb2 g5 30. Nxg5 Rh8 31. Nh3 Nf4 32. Re3 Nxh3+ 33. gxh3 f4 34. Ree1
Qd5 35. Re7+ Kf6 36. Rxb7 Qxb7 37. Re1 Qf3 38. Re2 Rxh3 39. Bxh3 Qxe2 40. Kg2
Qxc2 41. Ba3 Qxd3 42. Bc1 Qe4+ 43. Kh2 Qe1 44. Ba3 Qxf2+ 45. Kh1 Qa2 46. a5
Qxa3 47. axb6 Qxb3 48. Bf1 Qxb6 49. Kg2 Qb3 50. Kf2 Qe3+ 51. Kg2 Qg3+ 52. Kh1
f3 53. Bh3 Qxh3+ 54. Kg1 Qg2# 0-1

[Event "Moscow-Open 2021_A"]
[Site "Moscow"]
[Date "2021.02.27"]
[Round "8.52"]
[White "Bugaev, Anton"]
[Black "Lauda, Alexandr"]
[Result "1/2-1/2"]
[WhiteElo "1648"]
[BlackElo "1923"]
[PlyCount "64"]
[EventDate "2021.02.20"]

1. c4 e6 2. g3 f5 3. Bg2 Nf6 4. Nc3 d5 5. d4 Be7 6. Nf3 O-O 7. O-O c6 8. Rb1
Bd7 9. Ne5 Be8 10. b4 b5 11. cxb5 cxb5 12. Qd3 a5 13. a3 axb4 14. axb4 Qb6 15.
Bd2 Ne4 16. g4 Nc6 17. Nxc6 Bxc6 18. gxf5 exf5 19. e3 Rf6 20. f3 Nxd2 21. Qxd2
f4 22. Kh1 fxe3 23. Qxe3 Re8 24. f4 Bxb4 25. Nxd5 Rxe3 26. Nxb6 Bxg2+ 27. Kxg2
Rxb6 28. Rxb4 Re2+ 29. Rf2 Re3 30. Rf1 Re2+ 31. Rf2 Re3 32. Rf1 Re2+ 1/2-1/2

[Event "Moscow-Open 2021_A"]
[Site "Moscow"]
[Date "2021.02.27"]
[Round "8.53"]
[White "Gaer, Igor"]
[Black "Shakhov, Dmitriy"]
[Result "1-0"]
[WhiteElo "1916"]
[BlackElo "1738"]
[PlyCount "59"]
[EventDate "2021.02.20"]

1. d4 Nf6 2. Bf4 d5 3. Nd2 Bf5 4. e3 e6 5. Ngf3 c5 6. Bxb8 Rxb8 7. Bb5+ Ke7 8.
dxc5 Qa5 9. Nd4 a6 10. Nxf5+ exf5 11. Bd3 g6 12. O-O Qxc5 13. Nb3 Qb6 14. Nd4
Bg7 15. Rb1 Rhc8 16. c3 Kf8 17. Qb3 Qa5 18. Rfd1 b5 19. Nc2 Ne4 20. Bxe4 dxe4
21. Rd7 Rc4 22. Na3 Rbc8 23. Nxc4 Rxc4 24. Rbd1 Bf6 25. Rb7 Rc7 26. Rd7 Rxd7
27. Rxd7 Be7 28. Qd5 Qa4 29. Qe5 Kg8 30. Qxe7 1-0

[Event "Moscow-Open 2021_A"]
[Site "Moscow"]
[Date "2021.02.27"]
[Round "8.54"]
[White "Ekimov, Pavel"]
[Black "Zhugin, Nikolay"]
[Result "1-0"]
[WhiteElo "1853"]
[BlackElo "1646"]
[PlyCount "61"]
[EventDate "2021.02.20"]

1. d4 Nf6 2. Nf3 g6 3. c4 Bg7 4. Nc3 d5 5. cxd5 Nxd5 6. e4 Nxc3 7. bxc3 c5 8.
Bb5+ Nd7 9. O-O O-O 10. Bxd7 Bxd7 11. Rb1 b5 12. dxc5 Be6 13. Qc2 Qc7 14. Be3
Bc4 15. Rfe1 Rad8 16. Rbd1 e5 17. a4 f5 18. axb5 f4 19. Qa4 Bd3 20. Rxd3 fxe3
21. Qc4+ Qf7 22. Qxf7+ Kxf7 23. Rexe3 Ke6 24. Ng5+ Ke7 25. Rd5 Bh6 26. h4 Rxd5
27. exd5 Rc8 28. d6+ Kd7 29. Rxe5 Bf8 30. Rd5 a6 31. c6+ 1-0

[Event "Moscow-Open 2021_A"]
[Site "Moscow"]
[Date "2021.02.27"]
[Round "8.55"]
[White "Pranizin, Evgeny"]
[Black "Tandelov, Arseny"]
[Result "0-1"]
[WhiteElo "1850"]
[BlackElo "1657"]
[PlyCount "64"]
[EventDate "2021.02.20"]

1. e4 c5 2. Nc3 Nc6 3. g3 g6 4. Bg2 Bg7 5. Nge2 Nf6 6. O-O e6 7. f4 d6 8. h3
O-O 9. g4 Nd4 10. d3 Rb8 11. Nxd4 cxd4 12. Ne2 Bd7 13. Kh1 Ne8 14. Ng3 f5 15.
exf5 exf5 16. g5 Bc6 17. Bxc6 bxc6 18. h4 Nc7 19. h5 Re8 20. b3 Nd5 21. h6 Bf8
22. Re1 Qa5 23. Bd2 Qc5 24. Rc1 Rxe1+ 25. Qxe1 Kf7 26. Qf2 Re8 27. Ne2 Ne3 28.
c4 dxc3 29. Nxc3 Ng4 30. Qf3 Qf2 31. Qg2 d5 32. Rf1 Qh4+ 0-1

[Event "Moscow-Open 2021_A"]
[Site "Moscow"]
[Date "2021.02.27"]
[Round "8.56"]
[White "Urivskiy, Arseniy A"]
[Black "Korshunov, Sergey And"]
[Result "0-1"]
[WhiteElo "1422"]
[BlackElo "1848"]
[PlyCount "80"]
[EventDate "2021.02.20"]

1. d4 Nf6 2. c4 g6 3. Nc3 d5 4. cxd5 Nxd5 5. e4 Nxc3 6. bxc3 Bg7 7. Bc4 c5 8.
Nf3 O-O 9. Be3 Nc6 10. O-O Bg4 11. d5 Ne5 12. Be2 Nxf3+ 13. Bxf3 Bxf3 14. Qxf3
Bxc3 15. Rab1 b6 16. Bxc5 Rc8 17. Qxc3 Rxc5 18. Qa3 Qd7 19. Rbc1 Rfc8 20. Rxc5
Rxc5 21. Rc1 Qa4 22. Qe3 Rxc1+ 23. Qxc1 Qxe4 24. Qd1 h5 25. f3 Qc4 26. Qd2 Qc5+
27. Kf1 Qd6 28. g4 hxg4 29. fxg4 e6 30. Qc2 Qf4+ 31. Ke1 Qe3+ 32. Kf1 Qf3+ 33.
Qf2 Qd1+ 34. Qe1 Qxd5 35. Qh4 Qxa2 36. Qd8+ Kh7 37. Qf6 Qc4+ 38. Kf2 e5 39.
Qxe5 Qc5+ 40. Qxc5 bxc5 0-1

[Event "Moscow-Open 2021_A"]
[Site "Moscow"]
[Date "2021.02.27"]
[Round "8.57"]
[White "Yurasov, Matfey"]
[Black "Vershinin, Igor"]
[Result "1/2-1/2"]
[WhiteElo "1402"]
[BlackElo "1835"]
[PlyCount "98"]
[EventDate "2021.02.20"]

1. d4 Nf6 2. Nf3 e6 3. g3 b6 4. Bg2 Bb7 5. O-O Be7 6. c4 O-O 7. Nbd2 c5 8. b3
cxd4 9. Bb2 Bc5 10. Nxd4 Bxg2 11. Kxg2 d5 12. e3 Nbd7 13. b4 Bxd4 14. Bxd4 Qe7
15. cxd5 e5 16. Bb2 Nxd5 17. a3 Rfd8 18. Qb3 Nf8 19. Nf3 Ng6 20. Qc2 Rac8 21.
Qf5 Qf6 22. Qxf6 gxf6 23. Rac1 b5 24. Rc5 Rxc5 25. bxc5 Nge7 26. e4 Nc7 27. Bc3
Nc6 28. Nh4 Ne6 29. Rc1 a6 30. Nf5 h5 31. h4 Kh7 32. Ne3 Kg7 33. f3 Rd3 34. Nd5
a5 35. Rb1 Ned4 36. f4 Ne2 37. Be1 Ned4 38. Nc7 Rxa3 39. Nxb5 Ra2+ 40. Kf1 Rc2
41. Nxd4 exd4 42. Rb6 Rxc5 43. Ke2 Nb4 44. Bxb4 axb4 45. Rxb4 Rc3 46. Kf2 Rc2+
47. Ke1 Rc3 48. Kf2 Rc2+ 49. Kf3 Rc3+ 1/2-1/2

[Event "Moscow-Open 2021_A"]
[Site "Moscow"]
[Date "2021.02.27"]
[Round "8.58"]
[White "Finkelstein, Alexander"]
[Black "Rogov, Ivan"]
[Result "0-1"]
[WhiteElo "1833"]
[BlackElo "1633"]
[PlyCount "136"]
[EventDate "2021.02.20"]

1. d4 Nf6 2. c4 g6 3. Nc3 d5 4. cxd5 Nxd5 5. e4 Nxc3 6. bxc3 Bg7 7. Bc4 c5 8.
Ne2 Nc6 9. Be3 Qa5 10. O-O cxd4 11. cxd4 O-O 12. Rc1 Bg4 13. f3 Bd7 14. Bb3
Rfd8 15. h3 Rac8 16. Rc5 Qa3 17. Qd3 Qb4 18. a3 Qb6 19. Rb1 Qc7 20. d5 Qd6 21.
Qd2 Nd4 22. Rxc8 Nxe2+ 23. Qxe2 Rxc8 24. a4 a6 25. f4 Rc3 26. e5 Bxe5 27. fxe5
Qxe5 28. Re1 Rxb3 29. Bc5 Qxe2 30. Rxe2 Rd3 31. Bxe7 Rxd5 32. Rb2 Bc6 33. Bf6
Rf5 34. Bc3 f6 35. a5 Kf7 36. Ra2 Rd5 37. Bd2 Rd3 38. Bf4 g5 39. Bc7 h5 40. Rf2
Kg6 41. Kh2 h4 42. Bb6 f5 43. Rc2 g4 44. hxg4 fxg4 45. Rc4 Kh5 46. Rc5+ Bd5 47.
Kg1 Rd2 48. Kf1 h3 49. gxh3 gxh3 50. Ke1 h2 51. Kxd2 h1=Q 52. Kc3 Qe4 53. Rc7
Kg4 54. Kd2 Bc4 55. Kc3 Qd3+ 56. Kb4 Ba2 57. Kc5 Qc4+ 58. Kd6 Qd5+ 59. Ke7 Qe6+
60. Kd8 Bd5 61. Rd7 Kf5 62. Bc5 Bc6 63. Rd1 Qe8+ 64. Kc7 Qe5+ 65. Kb6 Qe2 66.
Rb1 Qd2 67. Bb4 Qd3 68. Rc1 Qb5+ 0-1

[Event "Moscow-Open 2021_A"]
[Site "Moscow"]
[Date "2021.02.27"]
[Round "8.59"]
[White "Amirdzhanyan, Vladimir"]
[Black "Kleimenov, Nikolay"]
[Result "1-0"]
[WhiteElo "1828"]
[BlackElo "1600"]
[PlyCount "75"]
[EventDate "2021.02.20"]

1. b3 e5 2. Bb2 Nc6 3. e3 Nf6 4. Nf3 d6 5. c4 g6 6. d4 e4 7. d5 exf3 8. dxc6
bxc6 9. Qxf3 Bg7 10. h3 O-O 11. Bd3 Nd7 12. Bxg7 Kxg7 13. O-O Ne5 14. Qe2 Nxd3
15. Qxd3 Bf5 16. e4 Be6 17. Nc3 f5 18. Rae1 f4 19. Qd4+ Kg8 20. f3 Qg5 21. Kh1
Rae8 22. e5 c5 23. Qf2 Bf5 24. exd6 cxd6 25. Nd5 Bd3 26. Rxe8 Rxe8 27. Re1 Re5
28. Qd2 Qh4 29. Rxe5 dxe5 30. Qxd3 Qe1+ 31. Kh2 Qg3+ 32. Kg1 Qe1+ 33. Qf1 Qd2
34. Qf2 Qc1+ 35. Kh2 Kg7 36. Qxc5 Qe1 37. Qxa7+ Kh6 38. Qg1 1-0

[Event "Moscow-Open 2021_A"]
[Site "Moscow"]
[Date "2021.02.27"]
[Round "8.60"]
[White "Isaev, Magomed"]
[Black "Talalov, Anton"]
[Result "1/2-1/2"]
[WhiteElo "2196"]
[BlackElo "1766"]
[PlyCount "137"]
[EventDate "2021.02.20"]

1. Nf3 d5 2. d4 Nf6 3. c4 e6 4. Nc3 Be7 5. Bg5 O-O 6. e3 h6 7. Bh4 a6 8. c5 b6
9. cxb6 cxb6 10. Bd3 Nbd7 11. a4 Bb7 12. O-O Ne8 13. Bg3 Bd6 14. Qe2 Bxg3 15.
hxg3 Nd6 16. Rfc1 Qf6 17. Ra3 Rfc8 18. Rb3 Nc4 19. Na2 a5 20. Rbc3 Nd6 21. Bb5
Qd8 22. Qc2 Nxb5 23. axb5 Rxc3 24. Qxc3 Rc8 25. Qd2 Nf6 26. Nc3 Qd6 27. Na4 Ne4
28. Rxc8+ Bxc8 29. Qc2 Bd7 30. Ne5 Bxb5 31. Qc8+ Qf8 32. Nxb6 Qxc8 33. Nxc8 Ba6
34. Nb6 Kf8 35. Nc6 a4 36. Na7 Ke7 37. Nxa4 Kd6 38. f3 Nd2 39. Nc5 Bc4 40. Kf2
Kc7 41. Ke1 Nb3 42. Nxb3 Bxb3 43. Nb5+ Kc6 44. Nc3 Bc4 45. g4 Kd6 46. f4 f6 47.
Kf2 e5 48. g3 exd4 49. exd4 g5 50. Nd1 Bd3 51. Ke3 Bf1 52. Kf3 Bd3 53. Ne3 Be4+
54. Ke2 Kc6 55. Nf5 Bxf5 56. gxf5 gxf4 57. Kf3 fxg3 58. Kxg3 Kb5 59. Kg4 Kc4
60. Kh5 Kxd4 61. Kg6 h5 62. Kxf6 h4 63. Ke6 h3 64. f6 h2 65. f7 h1=Q 66. f8=Q
Qh3+ 67. Kd6 Qh2+ 68. Kd7 Qh3+ 69. Kc6 1/2-1/2